000 00536nam a22001817a 4500
005 20251108171900.0
008 250721s1985 xx 000 0 ara d
082 1 4 _aط/922.1/فاط
100 1 _aالمحامي، محمد كامل حسن
245 1 0 _aفاطمة الزهراء /
264 1 _aبيروت :
_bمنشورات المكتب العالمي،
_c1985.
300 _a125ص
490 0 _aعظمات الإسلام
650 1 7 _aالدين الإسلامي
650 1 7 _aتراجم
942 _2ddc
_cBK
999 _c65060
_d65060